Countries of the World - Extreme Version - Statistics

General Stats
  • This quiz has been taken 116 times
  • The average score is 165 of 196
Answer Stats
Answer % Correct
United States
97%
Canada
95%
Haiti
92%
Peru
92%
Australia
90%
Guatemala
90%
Argentina
89%
Belize
89%
Bolivia
89%
Brazil
89%
Chile
89%
Colombia
89%
Costa Rica
89%
Dominican Republic
89%
Ecuador
89%
Grenada
89%
Japan
89%
Mexico
89%
Paraguay
89%
United Kingdom
89%
Venezuela
89%
Afghanistan
87%
Albania
87%
Antigua and Barbuda
87%
Austria
87%
China
87%
Dominica
87%
El Salvador
87%
Finland
87%
France
87%
Honduras
87%
Jamaica
87%
New Zealand
87%
Niger
87%
Pakistan
87%
Panama
87%
Poland
87%
Saint Kitts and Nevis
87%
Saint Lucia
87%
Saint Vincent and the Grenadines
87%
Turkey
87%
Turkmenistan
87%
Uruguay
87%
Andorra
86%
Bahamas
86%
Barbados
86%
Bulgaria
86%
Cambodia
86%
Cuba
86%
Fiji
86%
Germany
86%
Greece
86%
Guyana
86%
Hungary
86%
Iceland
86%
India
86%
Indonesia
86%
Iraq
86%
Ireland
86%
Israel
86%
Kazakhstan
86%
Morocco
86%
Nigeria
86%
Norway
86%
Portugal
86%
Qatar
86%
Russia
86%
Samoa
86%
South Africa
86%
South Sudan
86%
Sudan
86%
Suriname
86%
Sweden
86%
Thailand
86%
Zimbabwe
86%
Angola
84%
Armenia
84%
Azerbaijan
84%
Belarus
84%
Belgium
84%
Bhutan
84%
Bosnia and Herzegovina
84%
Cyprus
84%
Czech Republic
84%
Denmark
84%
Estonia
84%
Gambia
84%
Guinea
84%
Iran
84%
Jordan
84%
Kenya
84%
Kyrgyzstan
84%
Latvia
84%
Libya
84%
Lithuania
84%
Luxembourg
84%
Madagascar
84%
Malaysia
84%
Monaco
84%
Mongolia
84%
Myanmar
84%
Nauru
84%
Nepal
84%
Nicaragua
84%
Oman
84%
Palau
84%
Senegal
84%
Singapore
84%
Slovakia
84%
Slovenia
84%
South Korea
84%
Spain
84%
Syria
84%
Tajikistan
84%
Ukraine
84%
Uzbekistan
84%
Vatican City
84%
Vietnam
84%
Zambia
84%
Algeria
83%
Cameroon
83%
Cape Verde
83%
Chad
83%
Croatia
83%
Egypt
83%
Equatorial Guinea
83%
Eritrea
83%
Federated States of Micronesia
83%
Georgia
83%
Ghana
83%
Guinea-Bissau
83%
Kosovo
83%
Laos
83%
Lebanon
83%
Lesotho
83%
Liechtenstein
83%
Netherlands
83%
North Korea
83%
North Macedonia
83%
Papua New Guinea
83%
Romania
83%
San Marino
83%
Saudi Arabia
83%
Seychelles
83%
Solomon Islands
83%
Somalia
83%
Togo
83%
Tonga
83%
Trinidad and Tobago
83%
Tuvalu
83%
United Arab Emirates
83%
Vanuatu
83%
Bahrain
81%
Benin
81%
Djibouti
81%
Eswatini
81%
Gabon
81%
Italy
81%
Kiribati
81%
Liberia
81%
Mali
81%
Malta
81%
Marshall Islands
81%
Mauritius
81%
Mozambique
81%
Rwanda
81%
Serbia
81%
Taiwan
81%
Tanzania
81%
Tunisia
81%
Yemen
81%
Botswana
79%
Brunei
79%
Burundi
79%
Central African Republic
79%
Democratic Republic of the Congo
79%
East Timor
79%
Ethiopia
79%
Maldives
79%
Mauritania
79%
Moldova
79%
Namibia
79%
Sierra Leone
79%
Switzerland
79%
Uganda
79%
Bangladesh
78%
Comoros
78%
Montenegro
78%
Philippines
78%
Republic of the Congo
78%
São Tomé and Príncipe
78%
Ivory Coast
76%
Kuwait
76%
Sri Lanka
75%
Burkina Faso
73%
Malawi
71%
No matching quizzes found
Score Distribution
Percent of People with Each Score
Percentile by Number Answered
Your Score History
You have not taken this quiz